La Corona y el descubrimiento de América. / (Record no. 40644)
[ view plain ]
| 000 -CABECERA | |
|---|---|
| campo de control de longitud fija | 00629nam a2200181 a 4500 |
| 001 - NÚMERO DE CONTROL | |
| campo de control | 000041154 |
| 005 - FECHA Y HORA DE LA ÚLTIMA TRANSACCIÓN | |
| campo de control | 20201002034649.0 |
| 008 - DATOS DE LONGITUD FIJA--INFORMACIÓN GENERAL | |
| campo de control de longitud fija | 130920s1989 sp 000 0 spa d |
| 020 ## - NÚMERO INTERNACIONAL ESTÁNDAR DEL LIBRO | |
| Número Internacional Estándar del Libro | 8485861094 |
| 040 ## - FUENTE DE LA CATALOGACIÓN | |
| Centro catalogador/agencia de origen | DO-SdBNP |
| Lengua de catalogación | spa |
| Centro/agencia transcriptor | BNPHU |
| 082 ## - NÚMERO DE LA CLASIFICACIÓN DECIMAL DEWEY | |
| Número de clasificación | xxx |
| Número de documento/Ítem | xxx |
| 100 1# - ENTRADA PRINCIPAL--NOMBRE DE PERSONA | |
| Nombre de persona | Hernández Sanchez-Barba, Mario |
| 9 (RLIN) | 67700 |
| 245 13 - MENCIÓN DE TÍTULO | |
| Título | La Corona y el descubrimiento de América. / |
| Mención de responsabilidad, etc. | Mario Hernández Sanchez-Barba. |
| 260 ## - PUBLICACIÓN, DISTRIBUCIÓN, ETC. | |
| Lugar de publicación, distribución, etc. | Valencia, España : |
| Nombre del editor, distribuidor, etc. | Asociación Francisco López de Gomara, |
| Fecha de publicación, distribución, etc. | 1989. |
| 300 ## - DESCRIPCIÓN FÍSICA | |
| Extensión | 220 p. ; |
| Dimensiones | 24 cm. |
| 490 1# - MENCIÓN DE SERIE | |
| Mención de serie | La corona y los pueblos americanos |
| Designación de volumen o secuencia | 2 |
| 830 #0 - PUNTO DE ACCESO ADICIONAL DE SERIE-TÍTULO UNIFORME | |
| Título uniforme | La corona y los pueblos americanos |
| Designación de volumen o secuencia | 2 |
| 9 (RLIN) | 67699 |
| Estado de retiro | Estado de pérdida | Restricciones de uso | No para préstamo | Código de colección | Localización permanente | Ubicación/localización actual | Ubicación en estantería | Fecha de adquisición | Número de inventario | Total de préstamos | Signatura topográfica completa | Código de barras | Fecha visto por última vez | Precio válido a partir de | Tipo de ítem Koha | Número de copia |
|---|---|---|---|---|---|---|---|---|---|---|---|---|---|---|---|---|
| Excluido de préstamo | Monografías: Libros y Folletos | General | General | En catalogación | 20.09.2013 | LF1 | xxx xxx | 41154-10 | 25.06.2020 | 25.06.2020 | No se presta | |||||
| Excluido de préstamo | Monografías: Libros y Folletos | General | General | En catalogación | 20.09.2013 | LF1 | xxx xxx | 41154-20 | 25.06.2020 | 25.06.2020 | No se presta | e. 2 |
